Statistics for Most popular BOYS names of 2016 (top 40)

Click here to take the quiz!

General Stats

  • This quiz has been taken 460 times
  • The average score is 18 of 40

Answer Stats

RankBoy Name% Correct
21Jack
75%
9James
74%
18William
72%
16Daniel
68%
33David
67%
23Matthew
67%
14Michael
66%
12Jacob
63%
6Oliver
62%
2Liam
60%
1Noah
60%
10Benjamin
58%
24Henry
58%
17Luke
57%
38Andrew
55%
3Ethan
55%
19Alexander
53%
29Ryan
51%
5Lucas
49%
28Nathan
47%
13Jackson
45%
35Eli
44%
4Mason
43%
31Isaac
42%
27Jayden
40%
7Aiden
39%
8Elijah
37%
11Logan
34%
39Dylan
33%
20Owen
29%
34Caleb
26%
15Carter
24%
22Gabriel
19%
37Julian
18%
36Levi
16%
25Sebastian
16%
26Wyatt
14%
30Grayson
10%
32Jaxon
9%
40Lincoln
7%

Score Distribution

Percentile by Number Answered

Percent of People with Each Score

Your Score History

You have not taken this quiz